[Event "AUTO-INT-1519"]
[Site "http://www.queenalice.com/game.php?id=684572"]
[Date "2009.11.17"]
[Round "1"]
[White "jaychess"]
[Black "Edgard1995"]
[Result "0-1"]
[WhiteElo "1673"]
[BlackElo "1669"]

1. d4 d5 2. c4 Nf6 3. e3 Nc6 4. Nc3 Bf5 5. Qb3 e6 6. Nf3 Bd6 7. Qxb7 Ne7 8. Qb3
O-O 9. Bd2 Rb8 10. Qd1 dxc4 11. Bxc4 Ng6 12. b3 Bb4 13. Ne5 Bxc3 14. Nc6 Bxd2+
15. Qxd2 Qd6 16. Nxb8 Rxb8 17. Bd3 Be4 18. f3 Bxd3 19. Qxd3 Qb4+ 20. Kf2 Rd8 21.
f4 Ng4+ 22. Kg3 Nh6 23. Kf2 Qb7 24. h3 Nh4 25. g3 Qf3+ 0-1

[Event "AUTO-INT-1519"]
[Site "http://www.queenalice.com/game.php?id=684573"]
[Date "2009.11.17"]
[Round "1"]
[White "Edgard1995"]
[Black "jaychess"]
[Result "1-0"]
[WhiteElo "1718"]
[BlackElo "1636"]

1. e4 d6 2. Nc3 Nf6 3. Nf3 Bg4 4. h3 Bxf3 5. Qxf3 Nbd7 6. Bc4 Ne5 7. Qd1 Nxc4 8.
d3 Ne5 9. Be3 c6 10. O-O g6 11. Qe2 Bg7 12. d4 Ned7 13. Rae1 Qc7 14. Qf3 e5 15.
dxe5 Nxe5 16. Qg3 Nh5 17. Qh4 Nc4 18. b3 Nxe3 19. Rxe3 Qd7 20. Ne2 Bf6 21. Qg4
O-O-O 22. Qxd7+ Rxd7 23. Rf3 Be5 24. g4 Nf6 25. Re3 Re8 26. f4 Bb2 27. Rb1 Ba3
28. Ng3 Bc5 29. Re1 Bxe3+ 30. Rxe3 h6 31. g5 1-0

[Event "AUTO-INT-1519"]
[Site "http://www.queenalice.com/game.php?id=684574"]
[Date "2009.11.17"]
[Round "1"]
[White "jaychess"]
[Black "kiruba"]
[Result "0-1"]
[WhiteElo "1595"]
[BlackElo "1657"]

1. d4 Nf6 2. c4 d5 3. e3 e6 4. Nc3 Bb4 5. Bd2 Bxc3 6. Bxc3 O-O 7. Bd3 b6 8. Qa4
Bb7 9. Bb4 Re8 10. Ne2 a5 11. Ba3 c6 12. f4 Ba6 13. Qc2 b5 14. cxb5 cxb5 15. b4
a4 16. h3 Nbd7 17. Nc3 Rc8 18. Qe2 Rxc3 19. Bb2 Rc8 20. Kf2 Nb8 21. a3 Rc7 22.
g3 Qc8 0-1

[Event "AUTO-INT-1519"]
[Site "http://www.queenalice.com/game.php?id=684575"]
[Date "2009.11.17"]
[Round "1"]
[White "kiruba"]
[Black "jaychess"]
[Result "1-0"]
[WhiteElo "1642"]
[BlackElo "1610"]

1. e4 d6 2. d4 Nf6 3. e5 dxe5 4. dxe5 Qxd1+ 5. Kxd1 Ng4 6. Be3 Nxe5 7. Nc3 Nbc6
8. Bb5 Bd7 9. Bf4 O-O-O 10. Bxe5 Bh3+ 11. Ke1 Bxg2 12. Bxc6 Bxc6 13. f3 f6 14.
Bg3 e5 15. Rd1 Bb4 16. Ke2 Bxc3 17. bxc3 Ba4 18. Rxd8+ Rxd8 19. Nh3 Bxc2 20. Rc1
Bd3+ 21. Ke3 c5 22. Rd1 c4 23. f4 e4 24. Ng1 b5 25. Nh3 1-0

[Event "AUTO-INT-1559"]
[Site "http://www.queenalice.com/game.php?id=702947"]
[Date "2009.12.24"]
[Round "1"]
[White "forki"]
[Black "jaychess"]
[Result "1-0"]
[WhiteElo "1758"]
[BlackElo "1505"]

1. e4 d6 2. Nc3 c6 3. f4 g6 4. Nf3 Bg7 5. Bc4 Bg4 6. d3 Nd7 7. Bxf7+ Kf8 8. Bb3
Ngf6 9. O-O Nc5 10. Bc4 Qb6 11. Be3 Qxb2 12. Qd2 Qb6 13. Rab1 Qc7 14. h3 Be6 15.
Ng5 Bxc4 16. dxc4 h6 17. Nf3 Nfxe4 18. Nxe4 Nxe4 19. Qd3 Ng3 20. Nd4 Qd7 21.
Qxg6 Bxd4 22. Bxd4 Ne2+ 23. Kh2 Nxd4 24. Rf2 Qf5 25. Qg3 b6 26. Re1 1-0

[Event "AUTO-INT-1559"]
[Site "http://www.queenalice.com/game.php?id=702948"]
[Date "2009.12.24"]
[Round "1"]
[White "jaychess"]
[Black "forki"]
[Result "0-1"]
[WhiteElo "1499"]
[BlackElo "1770"]

1. d4 Nf6 2. c4 g6 3. Nc3 Bg7 4. Bf4 c6 5. Qb3 d5 6. e3 O-O 7. cxd5 Nxd5 8. Nxd5
Qxd5 9. Qxd5 cxd5 10. Nf3 Nd7 11. Bd3 Nf6 12. O-O-O Bd7 13. Rd2 Rac8+ 14. Rc2
Ng4 15. Bg3 f6 16. h3 Nh6 17. Kd2 Rc6 18. Rxc6 bxc6 19. b4 Nf7 20. a4 Nd6 21.
Bxd6 exd6 22. Re1 Bh6 23. Nh2 f5 24. f4 g5 0-1

[Event "AUTO-INT-1559"]
[Site "http://www.queenalice.com/game.php?id=702965"]
[Date "2009.12.24"]
[Round "1"]
[White "Milton"]
[Black "jaychess"]
[Result "1-0"]
[WhiteElo "1528"]
[BlackElo "1581"]

1. e4 d6 2. d4 Nf6 3. Nc3 c6 4. Bc4 Nbd7 5. Nf3 h6 6. e5 d5 7. Bb3 Ne4 8. O-O e6
9. Re1 Nxc3 10. bxc3 Be7 11. c4 Qc7 12. c5 b6 13. cxb6 Qxb6 14. Rb1 Qa6 15. Ba4
Qxa4 16. Ra1 Nb6 17. a3 Nc4 18. Rb1 Nxa3 19. Ra1 Qxc2 20. Rxa3 Qxd1 21. Rxd1 f6
22. Bb2 f5 23. Rc1 Kd7 24. Ra6 Bxa6 25. Nh4 Bxh4 26. g3 Be7 27. f4 g5 28. fxg5
Bxg5 29. Ra1 1-0

[Event "AUTO-INT-1559"]
[Site "http://www.queenalice.com/game.php?id=702966"]
[Date "2009.12.24"]
[Round "1"]
[White "jaychess"]
[Black "Milton"]
[Result "0-1"]
[WhiteElo "1563"]
[BlackElo "1546"]

1. d4 d5 2. c4 Nc6 3. Nc3 dxc4 4. e3 Bf5 5. Qa4 e6 6. Bxc4 Rb8 7. Nge2 Bd6 8.
Nb5 Nf6 9. f3 O-O 10. Nxa7 Nxa7 11. Qxa7 Qc8 12. Qa5 b6 13. Qc3 b5 14. Bb3 b4
15. Qc4 h6 16. e4 Nxe4 17. fxe4 Bxe4 18. O-O Qb7 19. Rf2 c6 20. Bf4 Qc7 21. Bxd6
Qxd6 22. Rd1 Rb5 23. Ng3 Bd5 24. Qc2 Bxb3 25. Qxb3 c5 26. dxc5 Qxc5 27. Ne4 Qc6
28. Ng3 Qb6 0-1

[Event "AUTO-INT-1407"]
[Site "http://www.queenalice.com/game.php?id=709592"]
[Date "2010.1.7"]
[Round "2"]
[White "glauber394"]
[Black "jaychess"]
[Result "1-0"]
[WhiteElo "1773"]
[BlackElo "1511"]

1. e4 d6 2. d4 Nf6 3. Nc3 g6 4. Nf3 Bg4 5. h3 Bxf3 6. Qxf3 e5 7. dxe5 dxe5 8.
Bg5 Bg7 9. Bd3 Nbd7 10. Rd1 c6 11. O-O h6 12. Bh4 g5 13. Bg3 Qa5 14. a3 b5 15.
Na2 Rb8 16. Nb4 Rb6 17. c4 1-0

[Event "AUTO-INT-1407"]
[Site "http://www.queenalice.com/game.php?id=709593"]
[Date "2010.1.7"]
[Round "2"]
[White "jaychess"]
[Black "glauber394"]
[Result "0-1"]
[WhiteElo "1517"]
[BlackElo "1767"]

1. d4 c5 2. c3 e6 3. Be3 cxd4 4. Bxd4 Nf6 5. e3 Nc6 6. Nf3 d5 7. Nbd2 Bd6 8. Bb5
O-O 9. Qb3 a6 10. Bxc6 bxc6 11. a3 Bd7 12. Ne5 Rb8 13. Qa2 Be8 14. f4 c5 15. Nb3
cxd4 16. Nxd4 Bxe5 0-1

[Event "AUTO-INT-1407"]
[Site "http://www.queenalice.com/game.php?id=709596"]
[Date "2010.1.7"]
[Round "2"]
[White "jaychess"]
[Black "Banff"]
[Result "0-1"]
[WhiteElo "1645"]
[BlackElo "1814"]

1. d4 d5 2. c4 dxc4 3. e3 b5 4. Nc3 c6 5. a3 f5 6. b3 cxb3 7. Qxb3 e6 8. Bd3 h6
9. Nge2 g5 10. Bd2 a5 11. g3 a4 12. Qa2 Qd7 0-1

[Event "AUTO-INT-1407"]
[Site "http://www.queenalice.com/game.php?id=709597"]
[Date "2010.1.7"]
[Round "2"]
[White "Banff"]
[Black "jaychess"]
[Result "1-0"]
[WhiteElo "1804"]
[BlackElo "1655"]

1. e4 d6 2. d4 Nf6 3. Nc3 c6 4. f3 g6 5. g4 h6 6. b4 b5 7. Nge2 e5 8. dxe5 dxe5
9. Qxd8+ Kxd8 10. a3 Be6 11. Be3 g5 12. O-O-O+ Nfd7 13. Ng3 1-0

[Event "AUTO-INT-1459"]
[Site "http://www.queenalice.com/game.php?id=709890"]
[Date "2010.1.7"]
[Round "2"]
[White "Ditto"]
[Black "jaychess"]
[Result "1-0"]
[WhiteElo "1708"]
[BlackElo "1492"]

1. d4 d5 2. Nc3 Nf6 3. Nf3 Be6 4. Bf4 a6 5. e3 g6 6. Bd3 Bg7 7. Ng5 Nbd7 8. O-O
c6 9. Re1 Nb6 10. Be5 Qd7 11. Qf3 Bg4 12. Qg3 Nh5 13. Qh4 Be6 14. Bxg7 1-0

[Event "AUTO-INT-1459"]
[Site "http://www.queenalice.com/game.php?id=709891"]
[Date "2010.1.7"]
[Round "2"]
[White "jaychess"]
[Black "Ditto"]
[Result "0-1"]
[WhiteElo "1623"]
[BlackElo "1703"]

1. d4 d5 2. c4 e6 3. e3 Nf6 4. Nc3 Bb4 5. Bd2 Nc6 6. a3 Be7 7. Bd3 O-O 8. Nge2
dxc4 9. Bxc4 Ng4 10. f3 Nf6 11. Qb3 Na5 12. Qa2 Bd6 13. Nb5 b6 0-1

[Event "AUTO-INT-1459"]
[Site "http://www.queenalice.com/game.php?id=709894"]
[Date "2010.1.7"]
[Round "2"]
[White "jaychess"]
[Black "CSilva"]
[Result "0-1"]
[WhiteElo "1494"]
[BlackElo "1929"]

1. d4 d5 2. c4 dxc4 3. e3 b5 4. Nc3 c6 5. Qf3 a6 6. a3 Bb7 7. e4 Nf6 8. Rb1 Nbd7
9. b3 cxb3 10. Rxb3 e6 11. Bd3 Be7 12. Nge2 O-O 13. Ng3 c5 14. dxc5 Nxc5 15. Rb1
Qxd3 16. Qxd3 Nxd3+ 17. Kd2 Rfd8 18. Ke2 Bc5 19. f3 Rd7 0-1

[Event "AUTO-INT-1459"]
[Site "http://www.queenalice.com/game.php?id=709895"]
[Date "2010.1.7"]
[Round "2"]
[White "CSilva"]
[Black "jaychess"]
[Result "1-0"]
[WhiteElo "1905"]
[BlackElo "1680"]

1. e4 d6 2. d4 Nf6 3. Nc3 c6 4. Bc4 g6 5. Nf3 Bg4 6. O-O Qb6 7. Bd2 Bxf3 8. Qxf3
Bg7 9. e5 dxe5 10. dxe5 Qxb2 11. exf6 exf6 12. Rfe1+ Kf8 13. Qe2 Nd7 14. Qe7+
1-0

[Event "AUTO-OPEN-1697"]
[Site "http://www.queenalice.com/game.php?id=715610"]
[Date "2010.1.17"]
[Round "2"]
[White "jaychess"]
[Black "forth_generation"]
[Result "0-1"]
[WhiteElo "1657"]
[BlackElo "2377"]

1. d4 Nf6 2. Nf3 g6 3. Bf4 Bg7 4. Nc3 d5 5. Ne5 O-O 6. g3 c5 7. Be3 Nc6 8. Nxc6
bxc6 9. Bg2 Ng4 10. Qd2 e5 0-1

[Event "AUTO-OPEN-1697"]
[Site "http://www.queenalice.com/game.php?id=715611"]
[Date "2010.1.17"]
[Round "2"]
[White "forth_generation"]
[Black "jaychess"]
[Result "1-0"]
[WhiteElo "2341"]
[BlackElo "1546"]

1. e4 d6 2. d4 g6 3. Nf3 Bg7 4. Nc3 Bg4 5. Be2 Bxf3 6. Bxf3 c6 7. O-O Nd7 8. Bg5
Qb6 9. Be3 Qc7 10. Qd2 e6 11. Rad1 1-0